| 000 | 00667nam a2200301Ia 4500 | ||
|---|---|---|---|
| 008 | 210210b1840 xxu||||| |||| 00| 0 eng d | ||
| 041 | _aeng | ||
| 082 | _a911/31 | ||
| 100 | _aLLOYD AND GERARD | ||
| 245 | _aNarrrative of a journey from Counpoor to the Borenda pass in Himalaya Mountains I | ||
| 260 |
_aLondon _b- _c1840 |
||
| 650 | _ato | ||
| 650 | _athe | ||
| 650 | _apass | ||
| 650 | _aof | ||
| 650 | _aNarrrative | ||
| 650 | _aMountains | ||
| 650 | _ajourney | ||
| 650 | _ain | ||
| 650 | _aI | ||
| 650 | _aHimalaya | ||
| 650 | _afrom | ||
| 650 | _aCounpoor | ||
| 650 | _aBorenda | ||
| 650 | _aa | ||
| 690 | _aTravel | ||
| 906 | _a024702 | ||
| 999 |
_c150324 _d150324 |
||